000 00862nam a2200253Ia 4500
003 OSt
005 20220923225427.0
006 a|||||r|||| 00| 0
007 ta
008 220922b |||||||| |||| 00| 0 hin d
024 _a267,887
037 _cTextual
040 _aARTS
_cARTS
_bhin
041 _2hin
_ahin
082 _aQ1:(R4), 152M6
100 _aबेंसेंट, एनी
245 0 _aहिन्दु जीवनादर्श, अनु विद्याधर ब सरदेसाई
246 _aHindu jīvanādarsha, anu0 vidyādhar ba0 saradesāī
260 _aगाजियाबाद
_b जागृति प्रकाशन
_c1986
300 _a136पृ.
_ccm.
650 _aधर्म
942 _hQ1:(R4), 152M6
_cTEXL
_2CC
999 _c378228
_d378228